Kings League Spain Teams - Statistics

General Stats
  • This quiz has been taken 17 times
  • The average score is 8 of 12
Answer Stats
Kings League Spain % Correct
Porcinos FC
93%
Los Troncos FC
86%
1K FC
64%
Kunisports
64%
Saiyans FC
64%
Ultimate Móstoles
64%
Jijantes FC
57%
PIO FC
57%
xBuyer Team
57%
Aniquiladores FC
50%
El Barrio
50%
Rayo de Barcelona
50%
No matching quizzes found
Score Distribution
Percent of People with Each Score
Percentile by Number Answered
Your Score History
You have not taken this quiz